AP Classes Quiz Stats

 Plays Quiz Updated Sep 4, 2019

Score 0/32 Timer 05:00
2 Plays Today
% Correct
Calculus (AB & BC)
90.6%
Chemistry
89.9%
Biology
89.9%
English Language
89.4%
Spanish Language and Culture
86.2%
Physics: Algebra Based (1 & 2)
86.2%
Physics (C)
85.7%
U.S. History
85.1%
French Language and Culture
84.6%
German Language and Culture
72.7%
Chinese Language and Culture
61.5%
World History
61%
Latin
59.2%
European History
57.4%
Studio Art: Drawing
56.9%
Studio Art (2D/3D)
53.2%
% Correct
Statistics
52.2%
English Literature
51.8%
Psychology
51.2%
Japanese Language and Culture
50.6%
Italian Language and Culture
49.9%
Computer Science Principles
42.1%
Environmental Science
41.3%
U.S. Government & Politics
38.9%
Music Theory
35.2%
Macroeconomics
34.2%
Microeconomics
33.9%
Art History
31.4%
Human Geography
30.7%
Spanish Literature and Culture
30.3%
Computer Science A
27.1%
Comparative Government & Politics
17.1%

You're not logged in!

Compare scores with friends on all Sporcle quizzes.
OR
Log In

Sporcle TV

Today on Sporcle TV


Watch our educational content, quiz creation guides, and fun videos on Sporcle TV.

Show Comments

Extras

Top Quizzes Today


Score Distribution

Your Account Isn't Verified!

In order to create a playlist on Sporcle, you need to verify the email address you used during registration. Go to your Sporcle Settings to finish the process.

Report this User

Report this user for behavior that violates our Community Guidelines.

Details: